000 002740000a22000970004500
100 1 _aToorn, Karel van der
245 1 0 _aSaul and the rise of Israelite state religion
300 _aVol. 43, Num. 4 (Octubre, 1993), Páginas 519-542
773 0 _tVetus Testamentum
942 _cANA
999 _c57869
_d57869